Statistics for West Ham United Current Squad

Click here to take the quiz!

General Stats

  • This quiz has been taken 3,799 times
    (279 since last reset)
  • The average score is 19 of 35

Answer Stats

#Player% Correct
1Łukasz Fabiański
95%
20Jarrod Bowen
93%
9Michail Antonio
91%
23Alphonse Areola
90%
4Kurt Zouma
89%
10Lucas Paquetá
87%
5Vladimír Coufal
87%
7James Ward-Prowse
83%
28Tomáš Souček
83%
14Mohammed Kudus
81%
ManagerDavid Moyes
80%
2Ben Johnson
73%
27Nayef Aguerd
73%
3Aaron Cresswell
71%
33Emerson Palmieri
70%
18Danny Ings
66%
19Edson Álvarez
66%
21Angelo Ogbonna
64%
15Konstantinos Mavropanos
63%
11Kalvin Phillips
60%
22Saïd Benrahma
60%
45Divin Mubama
52%
17Maxwel Cornet
49%
24Thilo Kehrer
34%
12Flynn Downes
30%
49Joseph Anang
26%
62Freddie Potts
18%
25Nathan Trott
16%
61Lewis Orford
10%
70Kaelan Casey
9%
51Daniel Chesters
8%
47Krisztián Hegyi
8%
37Luizão
6%
53Levi Laing
5%
59Keenan Forson
1%

Score Distribution

Percentile by Number Answered

Percent of People with Each Score

Your Score History

You have not taken this quiz since the last reset